| Поле | Инд. | ПП | Название | Значение |
|---|---|---|---|---|
| Тип записи | a | |||
| Библиографический уровень | b | |||
| 001 | Контрольный номер | RU/IS/BASE/138216948 | ||
| 005 | Дата корректировки | 20200630193223.3 | ||
| 084 | a | Индекс другой классификации/Индекс ББК | 63.3(2)-38 | |
| a | Индекс другой классификации/Индекс ББК | 66.3(2Рос),5; 66.094 | ||
| 100 | 1_ | a | Автор | Малыгина И. В. |
| q | Полное имя | Малыгина Ирина Викторовна | ||
| 245 | a | Заглавие | Национализм как форма культурной идентичности и его российская специфика | |
| 504 | a | Библиография | Библиогр.: с. 153 | |
| 650 | a | Основная рубрика | внутренняя политика | |
| a | Основная рубрика | история | ||
| a | Основная рубрика | политика | ||
| a | Основная рубрика | политология | ||
| a | Основная рубрика | этнополитология | ||
| 653 | a | Ключевые слова | государственный национализм | |
| a | Ключевые слова | идентичность | ||
| a | Ключевые слова | культурная ассимиляция | ||
| a | Ключевые слова | культурная идентичность | ||
| a | Ключевые слова | национализм | ||
| a | Ключевые слова | национальная идентичность | ||
| a | Ключевые слова | национальная идея | ||
| a | Ключевые слова | национальная политика (этнополитика) | ||
| a | Ключевые слова | национальная самоидентификация | ||
| a | Ключевые слова | национальные отношения | ||
| a | Ключевые слова | нация | ||
| a | Ключевые слова | полиэтническое государство | ||
| a | Ключевые слова | полиэтничность | ||
| a | Ключевые слова | Россия | ||
| a | Ключевые слова | русификация | ||
| 773 | t | Заглавие источника | Общественные науки и современность | |
| d | Дата издания источника | 2004 | ||
| g | Прочая информация | № 1. - С. 147 - 153 | ||
| w | Контрольный № источника | RU/IS/BASE/129046545 | ||
| 901 | t | Тип документа | b |